|
|
|
|
| LEADER |
00609cam a2200193 a 4500 |
| 001 |
0000109491 |
| 005 |
20080923090000.0 |
| 040 |
|
|
|a mod
|
| 041 |
|
|
|a eng
|
| 020 |
0 |
0 |
|a 1588263487
|
| 090 |
0 |
0 |
|a 341.23
|b SMI
|e 2006
|
| 100 |
1 |
0 |
|a Smith
|h Courtney B.
|
| 245 |
1 |
0 |
|a Politics and process at the United Nations
|b the global dance
|c Courtney B. Smith
|
| 260 |
0 |
0 |
|a Boulder, Colo.
|b Lynne Rienner
|c 2006
|
| 300 |
|
|
|a viii, 329 p.
|b ill.
|c 23 cm
|
| 504 |
0 |
0 |
|a Includes bibliographical references p. (297-317) and index
|
| 650 |
0 |
0 |
|a United Nations
|
| 999 |
|
|
|
| 999 |
|
|
|a 0000006115
|b MTAT
|d BOOKS
|e Umum
|f MTAT
|j AVAILABLE
|p 1
|q GOOD CONDITION
|